Normal view
MARC view
Entry Personal Name
001 - CONTROL NUMBER
- control field: 20110
003 - CONTROL NUMBER IDENTIFIER
- control field: ARRUPE
005 - DATE AND TIME OF LATEST TRANSACTION
- control field: 20151007095551.0
008 - FIXED-LENGTH DATA ELEMENTS
- fixed length control field: 151007|| aca||aabn | a|a d
040 ## - CATALOGING SOURCE
- Original cataloging agency: ARRUPE
- Transcribing agency: ARRUPE
100 ## - HEADING--PERSONAL NAME
- Personal name: Yolton, John W.
- Relator term: ed.
670 ## - SOURCE DATA FOUND
- Source citation: Work cat.: (ARRUPE)0: Locke, John, 1632-1704. 10580, An essay concerning human understanding., c1965